| 000 | 00533nam a2200181 a 4500 | ||
|---|---|---|---|
| 005 | 20210223123423.0 | ||
| 008 | 991125s1973 bue 000 0 spa u | ||
| 035 | _aUPN01000053164 | ||
| 049 | _aCG | ||
| 050 | 4 |
_aB840 _bS4.3 |
|
| 100 | 1 | _aMoro Simpson, Thomas. | |
| 245 | 1 | 0 |
_aSemántica filosófica : _bproblemas y discusiones / _cpról., selecc. y notas de Thomas Moro Simpson. |
| 260 |
_aBuenos Aires : _bSiglo XXI, _c1973. |
||
| 300 | _a476 p. | ||
| 440 | 0 | _aTeoría | |
| 650 | 4 |
_aSEMANTICA (FILOSOFIA) _911673 |
|
| 905 | _aLibro | ||
| 999 |
_c53164 _d53164 |
||